000 00624cam a22002053a 4500
001 40957
003 PGUSA
005 20140828083924.0
008 121006s2012||||xxu|||||s|||||000 | eng d
040 _aPGUSA
_beng
042 _adc
100 1 _aDewey, John,
_d1859-1952
245 1 0 _aLeibniz's New Essays Concerning the Human Understanding :
_bA Critical Exposition
_h[electronic resource] /
_cJohn Dewey
260 _bProject Gutenberg,
_c2012
506 _aPublic domain in the USA.
516 _aElectronic text
830 0 _aProject Gutenberg
_v40957
856 4 0 _uhttp://www.gutenberg.org/ebooks/40957
942 _cEB
999 _c270209
_d270209